8 błogosławieństw - Statystyki

Ogólne statystyki
  • Ten quiz został rozwiązany 7 razy
  • Średni wynik to 5 z 8
Statystyki odpowiedzi
Nr Błogosławieństwo % Poprawnych
3 Cisi
100%
5 Miłosierni
86%
6 Czystego serca
71%
4 Którzy łakną i pragną sprawiedliwości
57%
2 Którzy się smucą
57%
7 Którzy wprowadzają pokój
57%
1 Ubodzy w duchu
57%
8 Którzy cierpią prześladowanie dla sprawiedliwości
43%
Nie znaleziono quizów pasujących do podanych kryteriów
Rozkład punktacji
Procent ludzi z każdym wynikiem
Percentyl według liczby udzielonych odpowiedzi
Twoja historia wyników
Nie rozwiązałeś tego quizu